000
00318nam a2200133Ia 4500
008
191201s2007 xx 000 0 und d
100
_a
Booch
245
0
_a
Object oriented Analysis and Design
250
_a
2nd
260
_a
N.Delhi
_b
Pearson Education
_c
2007
300
_a
-
650
_a
B.Tech(IT)
942
_2
ddc
_c
BK
999
_c
2770
_d
2770